00597nam a2200193Ia 4500008004100000020001300041082001200054100002200066245004900088250000900137260004200146300002800188500001900216600001500235650001500250942000700265952011600272999001500388240925s9999 xx 000 0 und d a72897090 a657 MEI aMeigs, ,Robert F. 0aAccounting: the basis for business decisions a11th aIndianapolis:bQue Publishingc,1999. axix,646p.bNAfOriginal aIncludes Index aManagement aAccounting cBK 001040708SSaUITUbUITUd2004-04-22eGifted g297.05l0o657 MEIpQ5622r2024-09-25 07:13:55w2024-09-25yBK c8121d8121